[Event "Chernivtsi op"]
[Site "Chernivtsi"]
[Date "2016.07.22"]
[Round "6"]
[White "Kyrychenko, Mykola"]
[Black "Thomre, Abhishek"]
[Result "1-0"]
[WhiteElo "2040"]
[BlackElo "1549"]
[PlyCount "99"]
[EventDate "2016.07.19"]
[EventType "swiss"]
[EventRounds "9"]
[EventCountry "UKR"]
[SourceTitle "CBM 173 Extra"]
[Source "ChessBase"]
[SourceDate "2016.08.29"]
[SourceVersion "1"]
[SourceVersionDate "2016.08.29"]
[SourceQuality "1"]

1. Nf3 c5 2. e3 Nc6 3. b3 e6 4. Bb2 Nf6 5. d4 d5 6. Be2 Be7 7. 0-0 Bd7 8. Nbd2 cxd4 9. exd4 Rc8 10. Ne5 Nxe5 11. dxe5 Ne4 12. Nxe4 dxe4 13. c4 Bc6 14. Qxd8+ Rxd8 15. Rfd1 0-0 16. Kf1 f5 17. exf6 Bxf6 18. Bxf6 gxf6 19. f3 exf3 20. Bxf3 Bxf3 21. gxf3 Kf7 22. Ke2 Ke7 23. Rxd8 Rxd8 24. Rg1 Kf7 25. f4 a5 26. Rd1 Rxd1 27. Kxd1 Ke7 28. Kd2 Kd6 29. h4 Kc5 30. Kc3 b5 31. cxb5 Kxb5 32. a3 Kc5 33. h5 h6 34. Kd3 Kd5 35. Ke3 e5 36. fxe5 fxe5 37. Kd3 e4+ 38. Ke3 Ke5 39. b4 axb4 40. axb4 Kf5 41. b5 Kg5 42. b6 Kxh5 43. b7 Kh4 44. b8Q h5 45. Qf4+ Kh3 46. Qf2 Kg4 47. Qh2 h4 48. Kxe4 Kh5 49. Kf5 Kh6 50. Kf6 1-0

[Event "World Amateur-ch"]
[Site "Iasi"]
[Date "2013.04.23"]
[Round "2"]
[White "Martinez Paipa, Hernan"]
[Black "Thomre, Abhishek"]
[Result "0-1"]
[WhiteElo "1944"]
[BlackElo "1560"]
[PlyCount "118"]
[EventDate "2013.04.22"]
[EventType "swiss"]
[EventRounds "9"]
[EventCountry "ROU"]
[SourceTitle "CBM 154 Extra"]
[Source "ChessBase"]
[SourceDate "2013.06.25"]
[SourceVersion "2"]
[SourceVersionDate "2013.06.25"]
[SourceQuality "1"]

1. e4 c5 2. Nf3 d6 3. d4 cxd4 4. Nxd4 Nf6 5. Nc3 Nc6 6. Be3 Bd7 7. f3 g6 8. Qd2 Bg7 9. 0-0-0 Qa5 10. Nb3 Qd8 11. Bh6 0-0 12. h4 a5 13. Bxg7 Kxg7 14. g4 Be6 15. h5 a4 16. Nd4 Nxd4 17. Qxd4 Qa5 18. Nd5 Bxd5 19. exd5 Qc5 20. Qd2 Rfc8 21. hxg6 fxg6 22. Bd3 a3 23. b3 Qc3 24. Qxc3 Rxc3 25. Rde1 Kf7 26. g5 Nh5 27. Re3 Rac8 28. Rh4 b5 29. Rb4 Ng3 30. Kd1 R8c5 31. Rh4 Nf5 32. Rf4 Rxd5 33. Kd2 Rcc5 34. Re1 e5 35. Rg4 Rd4 36. Rgg1 Nh4 37. Rg3 Rf4 38. Ke2 Nf5 39. Rh3 Nd4+ 40. Kd1 Kg8 41. Reh1 Nxf3 42. Rxh7 Nxg5 43. Rb7 Rd4 44. Kc1 Rxd3 45. Rg1 Rdc3 46. Rxg5 Rxc2+ 47. Kd1 Rc1+ 48. Kd2 R1c2+ 49. Kd3 e4+ 50. Kxe4 Rxg5 51. Rb6 Re5+ 52. Kd3 Rd2+ 53. Kc3 Rxa2 54. Rxd6 Re3+ 55. Kb4 Ra1 56. Rxg6+ Kf7 57. Ra6 a2 58. Ra3 Re2 59. Kxb5 Rb1 0-1